000 01406nam a2200313 a 4500
001 ebr10498653
003 CaPaEBR
006 m u
007 cr cn|||||||||
008 111101s2011 gw sb 000 0 eng d
020 _z9783866531758 (print)
020 _z9783866539341
040 _aCaPaEBR
_cCaPaEBR
035 _a(OCoLC)755976664
043 _ae------
050 1 4 _aKJC1640
_b.C66 2011eb
245 0 0 _aCompensation of private losses
_h[electronic resource] :
_bthe evolution of torts in European business law /
_cedited by Reiner Schulze.
260 _aMunich :
_bSellier European Law Publishers,
_c2011.
300 _axii, 245 p.
504 _aIncludes bibliographical references.
505 0 _apt. 1. General aspects of European tort law -- pt. 2. Specific areas of European tort law -- pt. 3. Private versus public enforcement -- pt. 4. Interaction with neighbouring fields -- pt. 5. Panel discussion.
533 _aElectronic reproduction.
_bPalo Alto, Calif. :
_cebrary,
_d2011.
_nAvailable via World Wide Web.
_nAccess may be limited to ebrary affiliated libraries.
650 0 _aTorts
_zEurope.
650 0 _aLiability (Law)
_zEurope.
655 7 _aElectronic books.
_2local
700 1 _aSchulze, Reiner.
710 2 _aebrary, Inc.
856 4 0 _uhttp://site.ebrary.com/lib/rucke/Doc?id=10498653
_zAn electronic book accessible through the World Wide Web; click to view
999 _c132308
_d132308